00422 2200169 4500001002100000005001500021035002000036245003300056100002100089250001700110300002800127260004200155082000800197084001400205020002200219650001100241INLIS00000000000056120240821083147 a0010-08240000791 aTerlibat /cDwianto Setyawan0 aDwianto Setyawan aCetakan ke-1 a82 hlm :bIlus ;c22 cm aJakarta :bPT Paramita Pustaka,c1996 a813 a813 DWI t a978-979-664-005-8 4aCerpen